000 00330nam a2200133 i 4500
001 bg
100 1 _aTYTYK, Edwin
245 0 _aMetodologia projektowania ergonomicznego w budowie maszyn /
_cE. Tytyk.
260 _aPoznaƄ,
_c1991.
040 _cBPK
041 _apol
942 _cKS
008 s pl f |000 0 pol
999 _c29461
_d29461
856 _uhttp://koha.tu.koszalin.pl/cgi-bin/koha/opac-detail.pl?biblionumber=29461
_yKatalog online BPK